Lucky list (Record no. 221091)

MARC details
000 -LEADER
fixed length control field 01545nam a2200205 4500
005 - DATE AND TIME OF LATEST TRANSACTION
control field 20220106124432.0
008 - FIXED-LENGTH DATA ELEMENTS--GENERAL INFORMATION
fixed length control field 220105b ||||| |||| 00| 0 eng d
020 ## - INTERNATIONAL STANDARD BOOK NUMBER
International Standard Book Number 9781398502604
040 ## - CATALOGING SOURCE
Transcribing agency AL
041 ## - LANGUAGE CODE
Language code of text/sound track or separate title eng
082 ## - DEWEY DECIMAL CLASSIFICATION NUMBER
Edition number 23
Classification number 813.6
Item number LIPL
100 ## - MAIN ENTRY--PERSONAL NAME
Personal name Rachael Lippincott
9 (RLIN) 12545
245 ## - TITLE STATEMENT
Title Lucky list
260 ## - PUBLICATION, DISTRIBUTION, ETC.
Place of publication, distribution, etc. New York
Name of publisher, distributor, etc. Simon and Schuster
Date of publication, distribution, etc. 2021
300 ## - PHYSICAL DESCRIPTION
Extent 296p.
Other physical details PB
Dimensions 19.8X12.9cm.
365 ## - TRADE PRICE
Source of price type code General
Price type code 4477
Price amount ₹311.22
Currency code
Unit of pricing ₹399.00
Price note 22%
Price effective from 18-12-2021
520 ## - SUMMARY, ETC.
Summary, etc. From the #1 New York Times bestselling co-author of five feet apart comes a gripping new romance, perfect for fans of the perks of being a wallflower and Simon vs. The Homo sapiens agenda. Two girls, one list and twelve chances to fall in love this summer... Emily’s always been lucky. Well, technically her mum was the lucky one, and since she died, Emily’s started to feel like her luck’s run out. So when Emily finds her Mum’s senior-year bucket list, she finds twelve ways to feel close to her again. But if she wants to check everything off, she’ll need help – help in the form of Blake. As Blake and Emily work through the list, the girls’ bond deepens. Emily is starting to feel lucky again, but she’s faced with the question: can she accept this new part of herself, the part her mum never even knew existed? A captivating, heartfelt love story about learning who you are, and who you love, when the person you’ve always shared yourself with is gone.
650 ## - SUBJECT ADDED ENTRY--TOPICAL TERM
Source of heading or term Literature
Topical term or geographic name entry element English Literature
9 (RLIN) 12546
942 ## - ADDED ENTRY ELEMENTS (KOHA)
Source of classification or shelving scheme Dewey Decimal Classification
Koha item type Book
Holdings
Withdrawn status Lost status Source of classification or shelving scheme Damaged status Not for loan Collection code Home library Current library Date acquired Source of acquisition Cost, normal purchase price Total Checkouts Total Renewals Full call number Barcode Date last seen Date last checked out Cost, replacement price Price effective from Koha item type
    Dewey Decimal Classification     General St Aloysius PG Library St Aloysius PG Library 12/30/2021 Biblios Book Point 311.22 10 2 813.6 LIPL PG023495 06/29/2026 06/18/2026 399.00 01/05/2022 Book